| 000 | 00806 a2200313 4500 | ||
|---|---|---|---|
| 001 | 57296 | ||
| 650 | 7 |
_aJava (Computer program language) _2 _91305 |
|
| 999 |
_c57296 _d14520 |
||
| 003 | TR-AnTOB | ||
| 005 | 20200604001154.0 | ||
| 008 | 050113s2005 caua 001 0 eng | ||
| 010 | _a2005279292 | ||
| 020 | _a0596009208 (pbk.) | ||
| 040 |
_aDLC _cDLC _dDLC |
||
| 041 | _aeng | ||
| 042 | _apcc | ||
| 050 | 0 |
_aQA76.73.J38 _bS535 2005 |
|
| 090 | _aQA76.73.J38 S535 2005 | ||
| 100 |
_aSierra, Kathy _929857 |
||
| 245 | 0 |
_aHead first Java / _cKathy Sierra, Bert Bates. |
|
| 250 | _a2nd ed. | ||
| 264 | 1 |
_aSebastopol, CA : _bO'Reilly, _c2005. |
|
| 300 |
_axxxii, 688 p. : _bill. ; _c24 cm. |
||
| 500 | _aIncludes index. | ||
| 700 |
_aBates, Bert _929858 |
||
| 901 | _a0018085 | ||
| 902 | _asa | ||
| 942 | _cBK | ||